| Поле | Инд. | ПП | Название | Значение |
|---|---|---|---|---|
| Тип записи | a | |||
| Библиографический уровень | b | |||
| 001 | Контрольный номер | RU/IS/BASE/386778281 | ||
| 005 | Дата корректировки | 20200522191519.1 | ||
| 008 | Кодируемые данные | 20120403 | ||
| 084 | a | Индекс другой классификации/Индекс ББК | 65.28в; 65.049 | |
| 100 | 1_ | a | Автор | Проданова Н. |
| 245 | a | Заглавие | Общий методологический подход к исследованию эколого-экономических противоречий в региональных социоприродохозяйственных системах | |
| 504 | a | Библиография | Библиогр. | |
| 520 | a | Аннотация | Представлен общий методологический подход к исследованию противоречий региональных социо-природно-хозяйственных систем. | |
| 650 | a | Основная рубрика | региональная экономика | |
| a | Основная рубрика | экономика | ||
| a | Основная рубрика | экономика природопользования | ||
| 653 | a | Ключевые слова | методологический подход | |
| a | Ключевые слова | природно-хозяйственные системы | ||
| a | Ключевые слова | саморазвивающиеся системы | ||
| a | Ключевые слова | социоприродные системы | ||
| a | Ключевые слова | устойчивое развитие | ||
| a | Ключевые слова | устойчивые системы | ||
| a | Ключевые слова | эколого-экономические проблемы | ||
| 773 | t | Заглавие источника | РИСК: ресурсы, информация, снабжение, конкуренция | |
| d | Дата издания источника | 2011 | ||
| g | Прочая информация | № 4. - С. 469 - 472 : схем. | ||
| w | Контрольный № источника | RU/IS/BASE/384345860 | ||
| 901 | t | Тип документа | b |